| 000 | 01365nam a2200337 a 4500 | ||
|---|---|---|---|
| 001 | ebr10054447 | ||
| 003 | CaPaEBR | ||
| 006 | m u | ||
| 007 | cr cn||||||||| | ||
| 008 | 000526s2001 caua sb s001 0 eng | ||
| 010 | _z 00042616 | ||
| 020 | _z0520220307 (alk. paper) | ||
| 020 | _z0520220862 (pbk. : alk. paper) | ||
| 040 |
_aCaPaEBR _cCaPaEBR |
||
| 035 | _a(OCoLC)614675380 | ||
| 050 | 1 | 4 |
_aBL2525 _b.P55 2001eb |
| 082 | 0 | 4 |
_a299 _221 |
| 100 | 1 |
_aPike, Sarah M., _d1959- |
|
| 245 | 1 | 0 |
_aEarthly bodies, magical selves _h[electronic resource] : _bcontemporary pagans and the search for community / _cSarah M. Pike. |
| 260 |
_aBerkeley, Calif. : _bUniversity of California Press, _cc2001. |
||
| 300 |
_axxvi, 288 p. : _bill. |
||
| 504 | _aIncludes bibliographical references (p. 259-271) and index. | ||
| 533 |
_aElectronic reproduction. _bPalo Alto, Calif. : _cebrary, _d2013. _nAvailable via World Wide Web. _nAccess may be limited to ebrary affiliated libraries. |
||
| 650 | 0 |
_aNeopaganism _zUnited States. |
|
| 650 | 0 |
_aNeopaganism _xRituals. |
|
| 650 | 0 |
_aFestivals _zUnited States. |
|
| 651 | 0 |
_aUnited States _xReligion _y1945- |
|
| 655 | 7 |
_aElectronic books. _2local |
|
| 710 | 2 | _aebrary, Inc. | |
| 856 | 4 | 0 |
_uhttp://site.ebrary.com/lib/rucke/Doc?id=10054447 _zAn electronic book accessible through the World Wide Web; click to view |
| 999 |
_c167686 _d167686 |
||